书目信息 |
| 题名: |
城市设计全过程案例教程
|
|
| 作者: | 李楠 主编 | |
| 分册: | ||
| 出版信息: | 北京 外语教学与研究出版社 2016.7 |
|
| 页数: | 180页 | |
| 开本: | 29cm | |
| 丛书名: | ||
| 单 册: | ||
| 中图分类: | TU984.1 | |
| 科图分类: | ||
| 主题词: | 城市规划--设计--案例--职业教育--教材 | |
| 电子资源: | ||
| ISBN: | 978-7-5135-6566-0 | |
| 000 | 01000nam0 2200241 450 | |
| 001 | 0400009441 | |
| 005 | 20171121074925.0 | |
| 010 | @a978-7-5135-6566-0@dCNY59.00 | |
| 100 | @a20161213d2016 em y0chiy50 ea | |
| 101 | 0 | @achi |
| 102 | @aCN@b110000 | |
| 105 | @aab z 000yy | |
| 106 | @ar | |
| 200 | 1 | @a城市设计全过程案例教程@Acheng shi she ji quan guo cheng an li jiao cheng@f李楠主编 |
| 210 | @a北京@c外语教学与研究出版社@d2016.7 | |
| 215 | @a180页@c地图,彩照,图@d29cm | |
| 300 | @a“十二五”职业教育国家规划教材 | |
| 330 | @a本书共八章,以数个实际的城市设计工程项目为基础,系统介绍现代城市设计的基本要求、基本要素和基本表达等。具体包括城市设计基础知识,城市设计公司和城市设计师,城市设计前期分析和背景研究,城市设计定位、设计原则及设计策略,城市设计中的总体规划,城市设计中的基本要素等。 | |
| 606 | 0 | @a城市规划@x设计@x案例@x职业教育@j教材 |
| 690 | @aTU984.1@v5 | |
| 701 | 0 | @a李楠@Ali nan@c(城市规划)@4主编 |
| 801 | 0 | @aCN@b上海新华@c20171121 |
| 905 | @b1028892-6@dTU984.1@e1394@f5 | |
| 城市设计全过程案例教程/李楠主编.-北京:外语教学与研究出版社,2016.7 |
| 180页:地图,彩照,图;29cm |
| “十二五”职业教育国家规划教材 |
| ISBN 978-7-5135-6566-0:CNY59.00 |
| 本书共八章,以数个实际的城市设计工程项目为基础,系统介绍现代城市设计的基本要求、基本要素和基本表达等。具体包括城市设计基础知识,城市设计公司和城市设计师,城市设计前期分析和背景研究,城市设计定位、设计原则及设计策略,城市设计中的总体规划,城市设计中的基本要素等。 |
| ● |
| 相关链接 |
|
|
|
|
正题名:城市设计全过程案例教程
索取号:TU984.1/1394
 
预约/预借
| 序号 | 登录号 | 条形码 | 馆藏地/架位号 | 状态 | 备注 |
| 1 | 1028892 | 210288927 | 第二样本阅览室/ [索取号:TU984.1/1394] | 在馆 | |
| 2 | 1028893 | 210288936 | 密集书库-生命科学系/ [索取号:TU984.1/1394] | 在馆 | |
| 3 | 1028894 | 210288945 | 第三借阅区/ [索取号:TU984.1/1394] | 在馆 | |
| 4 | 1028895 | 210288954 | 第三借阅区/ [索取号:TU984.1/1394] | 在馆 | |
| 5 | 1028896 | 210288963 | 第三借阅区/ [索取号:TU984.1/1394] | 在馆 |